Tables of theoretical Zeeman effects (Record no. 2668)
[ view plain ]
| 000 -LEADER | |
|---|---|
| fixed length control field | 00811nam a2200241Ia 4500 |
| 003 - CONTROL NUMBER IDENTIFIER | |
| control field | IN-BaIIA |
| 008 - FIXED-LENGTH DATA ELEMENTS--GENERAL INFORMATION | |
| fixed length control field | 211028s9999 xx 000 0 eng d |
| 040 ## - CATALOGING SOURCE | |
| Transcribing agency | IIA Library |
| 080 ## - UNIVERSAL DECIMAL CLASSIFICATION NUMBER | |
| Universal Decimal Classification number | 083:53 |
| Item number | KIE |
| 100 ## - MAIN ENTRY--PERSONAL NAME | |
| Personal name | Kiess, C. C. |
| 9 (RLIN) | 4755 |
| 245 #0 - TITLE STATEMENT | |
| Title | Tables of theoretical Zeeman effects |
| Statement of responsibility, etc. | Carl Clarence Kiess and William Frederick Meggers |
| 260 ## - PUBLICATION, DISTRIBUTION, ETC. | |
| Place of publication, distribution, etc. | Washington |
| Name of publisher, distributor, etc. | U. S. Government Printing Office |
| Date of publication, distribution, etc. | 1928 |
| 300 ## - PHYSICAL DESCRIPTION | |
| Extent | 44p. |
| 490 ## - SERIES STATEMENT | |
| Series statement | Research paper (United States. Bureau of Standards), no. 23. |
| 500 ## - GENERAL NOTE | |
| General note | Reprint from Bureau of Standards journal of research, October, 1928 ; Photostat copy |
| 650 ## - SUBJECT ADDED ENTRY--TOPICAL TERM | |
| Topical term or geographic name entry element | Magnetooptics. |
| 9 (RLIN) | 4756 |
| 650 ## - SUBJECT ADDED ENTRY--TOPICAL TERM | |
| Topical term or geographic name entry element | Mathematical Tables |
| 9 (RLIN) | 2448 |
| 650 ## - SUBJECT ADDED ENTRY--TOPICAL TERM | |
| Topical term or geographic name entry element | NASA Thesaurus |
| 650 ## - SUBJECT ADDED ENTRY--TOPICAL TERM | |
| Topical term or geographic name entry element | Spectrum analysis. |
| 650 ## - SUBJECT ADDED ENTRY--TOPICAL TERM | |
| Topical term or geographic name entry element | Tables |
| 700 ## - ADDED ENTRY--PERSONAL NAME | |
| Personal name | Meggers, W.F. |
| 9 (RLIN) | 4757 |
| 942 ## - ADDED ENTRY ELEMENTS (KOHA) | |
| Koha item type | Books |
| Withdrawn status | Lost status | Source of classification or shelving scheme | Damaged status | Not for loan | Home library | Current library | Shelving location | Date acquired | Total Checkouts | Full call number | Barcode | Date last seen | Price effective from | Koha item type | Purchase Price |
|---|---|---|---|---|---|---|---|---|---|---|---|---|---|---|---|
| Dewey Decimal Classification | IIA Library-Bangalore | IIA Library-Kodaikanal | General Stacks | 083:53/ KIE | 2975 | 05/11/2021 | Books |